Study of the mechanism of action of alkaline metal salts of agromatic thiols on carotenoid compounds present in NR latex (Record no. 69811)

MARC details
000 -LEADER
fixed length control field 00541nam a2200157Ia 4500
100 ## - MAIN ENTRY--AUTHOR NAME
Personal name Tillekeratne L M K
245 #0 - TITLE STATEMENT
Title Study of the mechanism of action of alkaline metal salts of agromatic thiols on carotenoid compounds present in NR latex
260 ## - PUBLICATION, DISTRIBUTION, ETC. (IMPRINT)
Name of publisher Proceedings of the International Rubber Conference, Colombo, 1984, V2. Part 1; p89-95
650 ## - SUBJECT ADDED ENTRY--TOPICAL TERM
Topical Term NR latex
700 ## - ADDED ENTRY--PERSONAL NAME
Personal name Mahanama M
700 ## - ADDED ENTRY--PERSONAL NAME
Personal name Nandadewa R
700 ## - ADDED ENTRY--PERSONAL NAME
Personal name Sarathkumara P H
700 ## - ADDED ENTRY--PERSONAL NAME
Personal name Weeraman S
942 ## - ADDED ENTRY ELEMENTS (KOHA)
Koha item type Journals
Holdings
Withdrawn status Lost status Damaged status Not for loan Home library Current library Shelving location Date acquired Koha item type
      Journals RRII Library RRII Library Rubber chemistry 17/12/2021 Journals